| 000 | 00377nam a2200145Ia 4500 | ||
|---|---|---|---|
| 008 | 150201s2009 xx 000 0 und d | ||
| 082 |
_a618.92 _bR09G |
||
| 100 | _aGUPTE, S. | ||
| 245 | _aRECENT ADVANCES IN PEDIATRIC : NUTRITION, GROWTH AND DEVELOPMENT | ||
| 250 | _a1ST | ||
| 260 |
_bJAYPEE BROTHERS _aDELHI _c2009 |
||
| 300 | _a1-402 | ||
| 650 | _aPAEDIATRICS | ||
| 942 |
_2ddc _cBK |
||
| 999 |
_c81 _d81 |
||